Once Upon a Time Trivia 2 - Statistics

General Stats
  • This quiz has been taken 213 times
  • The average score is 8 of 15
Answer Stats
Hint Answer % Correct
On what hand does Killian have his hook? Left
95%
How many children does the White Rabbit have? 2
86%
How many brothers did Anton have? 5
81%
What is the Queen of Heart's real name? Cora
80%
How many people did we see die in Neverland? 3
79%
How many brothers did Granny have? 6
77%
What type of car does Emma drive? Bug
77%
What letter do both of Jiminy Cricket's parent's names start with? M
76%
In what season and episode did Graham die? 1,7
50%
What is the Blue Fairy's counterpart name? Mother Superior
46%
Who adopted Kristoff? The Rock Trolls
35%
What was Red's mum's name? Anita
24%
What did Regina call Ursula when Emma asked her who she was talking to on the phone? The Sea Bitch
23%
Who plays the Red Queen? Emma Rigby
3%
What object goes through Milah's name in Hook's tattoo? The Dark One's Dagger
3%
No matching quizzes found
Score Distribution
Percent of People with Each Score
Percentile by Number Answered
Your Score History
You have not taken this quiz